Countries of the World Sudden Death - Statistics

General Stats
  • This quiz has been taken 142 times
  • The average score is 5 of 10
Answers on the Grid
Answers color-coded by a green-red scale on the quiz's grid according to % correct below.
India
United States of Emirates
French
Nicaragua
Bongolia
Krygyzstan
Jamaica
Russia
Philippines
Vanuatu
Omen
Middle East
Georgia
Texas
Puerto rico
Bahrain
Liechtenstein
Hungry
São Tomé and Principal
Cape Verde
 
Answer Stats
Answer % Correct
Philippines
66%
India
59%
Georgia
55%
Nicaragua
55%
Bahrain
52%
Liechtenstein
52%
Russia
52%
Vanuatu
52%
Jamaica
51%
Cape Verde
46%
No matching quizzes found
Score Distribution
Percent of People with Each Score
Percentile by Number Answered
Your Score History
You have not taken this quiz